Coaches of the Geelong Cats AFL Team - Statistics

General Stats
  • This quiz has been taken 17 times
    3 since last reset
  • The average score is 5 of 34
Answer Stats
Seasons Coach Name % Correct
2011-present Chris Scott
100%
1989-1994 Malcolm Blight
100%
2000-2010 Mark Thompson
100%
1995-1999 Gary Ayres
67%
1983-1985 Tom Hafey
67%
1986-1988 John Devine
33%
2019-2021 Paul Hood
33%
1932, 1936-1940, 1949-1959 Reg Hickey
33%
1940 Allan Everett
0%
1929-1930, 1933-1934 Arthur Coghlan
0%
1923 Bert Taylor
0%
1912-1913 Bill Eason
0%
1980-1982 Bill Goggin
0%
1971-1972 Bill McMaster
0%
1914 Billy Orchard
0%
1956-1965 Bob Davis
0%
1931 Charlie Clymo
0%
1936 Charlie Dibbs
0%
1925-1927 Cliff Rankin
0%
2022-2025 Daniel Lowther
0%
1910-1911 David Hickinbotham
0%
1973-1975 Graham Farmer
0%
1945 Jack Williams
0%
1941 Len Metherell
0%
1940 Les Laver
0%
1924 Lloyd Hagger
0%
2026-present Mick Stinear
0%
1963 Neil Trezise
0%
1935 Percy Parratt
0%
1966-1970 Peter Pianto
0%
1976-1979 Rodney Olsson
0%
1944 Tom Arklay
0%
1928 Tom Fitzmaurice
0%
1946-1948 Tommy Quinn
0%
No matching quizzes found
Score Distribution
Percent of People with Each Score
Percentile by Number Answered
Your Score History
You have not taken this quiz since the last reset